[Event "Verbandsliga Nordbaden 2324"]
[Site "Baden"]
[Date "2024.03.03"]
[Round "7.1"]
[White "Engemann, Till"]
[Black "Adocchio, Giampiero"]
[Result "1-0"]
[WhiteElo "2064"]
[BlackElo "2152"]
[PlyCount "57"]
[EventDate "2023.09.24"]
[EventType "team-tourn"]
[EventRounds "9"]
[EventCountry "GER"]
[SourceTitle "EXT 2025"]
[Source "ChessBase"]
[SourceDate "2024.10.14"]
[SourceVersion "1"]
[SourceVersionDate "2024.10.14"]
[SourceQuality "1"]
[WhiteTeam "Viernheim III"]
[BlackTeam "Mosbach"]
[WhiteTeamCountry "GER"]
[BlackTeamCountry "GER"]

1. d4 d5 2. c4 c6 3. cxd5 cxd5 4. Nf3 Nf6 5. Nc3 a6 6. Bf4 Nc6 7. Ne5 Qb6 8. Nxc6 Qxc6 9. Rc1 e6 10. a3 Bd7 11. Qb3 b5 12. e4 Qb7 13. e5 Nh5 14. Be3 g6 15. g4 Ng7 16. Bg2 Rc8 17. 0-0 Qb8 18. Bg5 h5 19. Bf6 hxg4 20. Nxd5 exd5 21. Bxd5 Be6 22. Bxe6 fxe6 23. Bxg7 Bxg7 24. Qxe6+ Kd8 25. Rc5 Rxc5 26. dxc5 Kc7 27. Rd1 Qe8 28. Qb6+ Kc8 29. c6 1-0

[Event "BL2-Sued 2324"]
[Site "Germany"]
[Date "2024.02.03"]
[Round "5.8"]
[White "Zude, Arno"]
[Black "Engemann, Till"]
[Result "1-0"]
[WhiteElo "2333"]
[BlackElo "2064"]
[PlyCount "81"]
[EventDate "2023.10.21"]
[EventType "team-tourn"]
[EventRounds "10"]
[EventCountry "GER"]
[SourceTitle "EXT 2025"]
[Source "ChessBase"]
[SourceDate "2024.10.14"]
[SourceVersion "1"]
[SourceVersionDate "2024.10.14"]
[SourceQuality "1"]
[WhiteTeam "Hofheim"]
[BlackTeam "Viernheim II"]
[WhiteTeamCountry "GER"]
[BlackTeamCountry "GER"]

1. e4 e6 2. d4 d5 3. e5 c5 4. c3 Nc6 5. Nf3 Bd7 6. Be2 Nge7 7. Na3 cxd4 8. cxd4 Nf5 9. Nc2 Qb6 10. 0-0 Na5 11. Re1 Bb5 12. Bxb5+ Qxb5 13. Ne3 Nxe3 14. Rxe3 Be7 15. Ne1 Rc8 16. Rh3 Rc4 17. b3 Rc7 18. Qg4 g6 19. Bh6 Nc6 20. Qf4 Qb6 21. Nf3 Rg8 22. Rd1 Qa6 23. Ng5 Bxg5 24. Bxg5 Qe2 25. Rf1 Qe4 26. Qf6 Qf5 27. Rxh7 Qxf6 28. Bxf6 Nxd4 29. g4 Rc2 30. Rd1 Rc1 31. Rxc1 Ne2+ 32. Kf1 Nxc1 33. h4 Nxa2 34. h5 gxh5 35. gxh5 Nc3 36. f3 d4 37. h6 Nd5 38. Rh8 Rxh8 39. Bxh8 Kf8 40. h7 Ne7 41. Bf6 1-0

[Event "Verbandsliga Nordbaden 2324"]
[Site "Baden"]
[Date "2023.11.12"]
[Round "3.1"]
[White "Engemann, Till"]
[Black "Lieder, Christian"]
[Result "1/2-1/2"]
[WhiteElo "2064"]
[BlackElo "2093"]
[PlyCount "80"]
[EventDate "2023.09.24"]
[EventType "team-tourn"]
[EventRounds "9"]
[EventCountry "GER"]
[SourceTitle "EXT 2025"]
[Source "ChessBase"]
[SourceDate "2024.10.14"]
[SourceVersion "1"]
[SourceVersionDate "2024.10.14"]
[SourceQuality "1"]
[WhiteTeam "Viernheim III"]
[BlackTeam "Weinheim"]
[WhiteTeamCountry "GER"]
[BlackTeamCountry "GER"]

1. d4 d5 2. c4 c6 3. cxd5 cxd5 4. Nf3 Nf6 5. Nc3 Nc6 6. Bf4 e6 7. e3 Qb6 8. a3 Ne4 9. Qc2 Qa5 10. Rc1 Bd7 11. Bd3 Nxc3 12. Qxc3 Qxc3+ 13. Rxc3 Be7 14. Ke2 0-0 15. Ne5 Nxe5 16. Bxe5 Rfc8 17. Rhc1 f6 18. Bg3 g6 19. Rxc8+ Rxc8 20. Rxc8+ Bxc8 21. Bb8 a6 22. Bc7 Bd7 23. Kd2 Kf7 24. Kc3 Ke8 25. h4 f5 26. g3 h6 27. Bb6 g5 28. hxg5 hxg5 29. Bc7 Bc6 30. Bb6 Kd7 31. Ba5 Bd6 32. Bb6 g4 33. Ba5 Be7 34. Bb6 Bd6 35. Ba5 Be7 36. Be2 Bd6 37. Bb6 Be7 38. Bf1 Bd6 39. Be2 Be7 40. Bd3 Bd6 1/2-1/2

[Event "Verbandsliga Nordbaden 2324"]
[Site "Baden"]
[Date "2023.10.15"]
[Round "2.1"]
[White "Gasthofer, Viktor"]
[Black "Engemann, Till"]
[Result "1-0"]
[WhiteElo "2300"]
[BlackElo "2064"]
[PlyCount "91"]
[EventDate "2023.09.24"]
[EventType "team-tourn"]
[EventRounds "9"]
[EventCountry "GER"]
[SourceTitle "EXT 2025"]
[Source "ChessBase"]
[SourceDate "2024.10.14"]
[SourceVersion "1"]
[SourceVersionDate "2024.10.14"]
[SourceQuality "1"]
[WhiteTeam "Bad Mergentheim II"]
[BlackTeam "Viernheim III"]
[WhiteTeamCountry "GER"]
[BlackTeamCountry "GER"]

1. d4 d5 2. Nf3 e6 3. c4 c6 4. Nbd2 Nf6 5. g3 dxc4 6. Nxc4 c5 7. Bg2 Nc6 8. 0-0 cxd4 9. Bf4 Be7 10. Nce5 Nxe5 11. Bxe5 0-0 12. Qb3 Qd5 13. Qxd5 Nxd5 14. Bxd4 Bd7 15. Rfc1 Bf6 16. e4 Bxd4 17. Nxd4 Nb6 18. e5 Rab8 19. Rc7 Rfc8 20. Rxb7 Rxb7 21. Bxb7 Rc7 22. Ba6 g5 23. f4 gxf4 24. gxf4 Nd5 25. Rf1 Nb4 26. Be2 Nxa2 27. Kf2 Rb7 28. b3 Nc3 29. Bc4 Bb5 30. Nxb5 Nxb5 31. Ke3 Kf8 32. f5 exf5 33. Rxf5 Kg7 34. Ke4 Kg6 35. Rf6+ Kg7 36. h4 a5 37. Ra6 a4 38. bxa4 Na3 39. Bd5 Rb4+ 40. Kf3 Nc4 41. Bxc4 Rxc4 42. h5 h6 43. Ra7 Kf8 44. a5 Rh4 45. a6 Rxh5 46. Rb7 1-0

[Event "Verbandsliga Nordbaden 2324"]
[Site "Baden"]
[Date "2023.09.24"]
[Round "1.1"]
[White "Engemann, Till"]
[Black "Eisenbeiser, Amadeus"]
[Result "0-1"]
[WhiteElo "2064"]
[BlackElo "2383"]
[PlyCount "100"]
[EventDate "2023.09.24"]
[EventType "team-tourn"]
[EventRounds "9"]
[EventCountry "GER"]
[SourceTitle "EXT 2025"]
[Source "ChessBase"]
[SourceDate "2024.10.14"]
[SourceVersion "1"]
[SourceVersionDate "2024.10.14"]
[SourceQuality "1"]
[WhiteTeam "Viernheim III"]
[BlackTeam "Buchen"]
[WhiteTeamCountry "GER"]
[BlackTeamCountry "GER"]

1. d4 d6 2. Nf3 g6 3. c4 Bg7 4. Nc3 e5 5. dxe5 dxe5 6. Qxd8+ Kxd8 7. g3 f6 8. Bg2 Nc6 9. 0-0 Be6 10. Rd1+ Ke8 11. Nd5 Rc8 12. Be3 Kf7 13. Rac1 Nge7 14. Bc5 Rhd8 15. b3 Rd7 16. Nxe7 Rxd1+ 17. Rxd1 Nxe7 18. Ne1 b6 19. Ba3 Nf5 20. e3 Bf8 21. Bxf8 Rxf8 22. Bh3 Ke7 23. Bxf5 Bxf5 24. f3 a5 25. e4 Be6 26. a4 c6 27. Nc2 Rd8 28. Rxd8 Kxd8 29. Kf2 b5 30. Na3 bxa4 31. bxa4 Kc7 32. c5 Bb3 33. Ke3 Kb7 34. f4 Ka6 35. g4 g5 36. fxe5 fxe5 37. Kd2 Bxa4 38. Kc3 Bd1 39. h3 Bf3 40. Kd3 Bg2 41. Ke3 Bxh3 42. Kf3 Bf1 43. Kf2 Bb5 44. Ke3 a4 45. Kd2 Ka5 46. Nc2 Bc4 47. Kc3 Be6 48. Na3 Bxg4 49. Nc4+ Kb5 50. Nxe5 Bh3 0-1

[Event "Oberliga Baden 2223"]
[Site "Germany"]
[Date "2023.03.19"]
[Round "8.7"]
[White "Engemann, Till"]
[Black "Mueller, Erich"]
[Result "1-0"]
[WhiteElo "2093"]
[BlackElo "2125"]
[PlyCount "101"]
[EventDate "2022.09.18"]
[EventType "team-tourn"]
[EventRounds "9"]
[EventCountry "GER"]
[SourceTitle "EXT 2024"]
[Source "ChessBase"]
[SourceDate "2023.10.10"]
[SourceVersion "1"]
[SourceVersionDate "2023.10.10"]
[SourceQuality "1"]
[WhiteTeam "Viernheim II"]
[BlackTeam "Ladenburg"]
[WhiteTeamCountry "GER"]
[BlackTeamCountry "GER"]

1. d4 d6 2. c4 e5 3. d5 Nf6 4. Nc3 Be7 5. e4 Nbd7 6. Qc2 a5 7. Be2 Nc5 8. Be3 b6 9. Rb1 Bd7 10. b3 0-0 11. h3 Ne8 12. Bg4 Bg5 13. Bxd7 Nxd7 14. Qd2 Bxe3 15. Qxe3 f5 16. exf5 Rxf5 17. Nge2 Nc5 18. 0-0 Rf7 19. a3 Nf6 20. Ng3 Qf8 21. b4 Ncd7 22. Nb5 Ne8 23. Ne4 h6 24. Rbe1 Ndf6 25. Ng3 Nh7 26. Qd3 Rf4 27. Nh5 Rf5 28. Ng3 Rf4 29. Re4 Rxe4 30. Qxe4 axb4 31. axb4 Ra4 32. f4 Nhf6 33. Qe1 Kh8 34. Ne4 Qe7 35. Nxf6 Nxf6 36. Nd4 e4 37. g4 Ng8 38. Ne6 c5 39. g5 Rxb4 40. Qh4 e3 41. Qh5 Rb2 42. f5 Rf2 43. Rxf2 exf2+ 44. Kxf2 Qa7 45. Qe2 Qa1 46. Nd8 Qd4+ 47. Kg2 hxg5 48. Nf7+ Kh7 49. Qh5+ Nh6 50. Qg6+ Kg8 51. Nxh6+ 1-0

[Event "Oberliga Baden 2122"]
[Site "Germany"]
[Date "2022.03.06"]
[Round "8.5"]
[White "Engemann, Till"]
[Black "Metz, Hartmut"]
[Result "1-0"]
[WhiteElo "2056"]
[BlackElo "2208"]
[PlyCount "91"]
[EventDate "2021.10.10"]
[EventType "team-tourn"]
[EventRounds "11"]
[EventCountry "GER"]
[SourceTitle "EXT 2023"]
[Source "ChessBase"]
[SourceDate "2022.10.05"]
[SourceVersion "1"]
[SourceVersionDate "2022.10.05"]
[SourceQuality "1"]
[WhiteTeam "Viernheim II"]
[BlackTeam "Kuppenheim"]
[WhiteTeamCountry "GER"]
[BlackTeamCountry "GER"]

1. d4 c6 2. c4 d5 3. cxd5 cxd5 4. Nc3 Nf6 5. Nf3 Nc6 6. Bf4 a6 7. Ne5 e6 8. e3 Nxe5 9. dxe5 Nd7 10. Be2 b5 11. 0-0 Bb7 12. a4 b4 13. Na2 Be7 14. Nc1 Nc5 15. Nd3 Qa5 16. Nxc5 Bxc5 17. Bd3 Be7 18. h4 h5 19. Bg3 Rc8 20. Qe2 g6 21. f4 Rc6 22. Bb5 0-0 23. Bxc6 Bxc6 24. b3 Bb7 25. Rac1 Rd8 26. Qd3 Rd7 27. Bf2 Qd8 28. g3 Qa8 29. Qd4 a5 30. Rc2 Bd8 31. Rfc1 Qa6 32. e4 Re7 33. f5 Re8 34. f6 dxe4 35. Qe3 Kh7 36. Qg5 Bb6 37. g4 e3 38. Bxe3 Bxe3+ 39. Qxe3 hxg4 40. Rc7 Rf8 41. h5 Bf3 42. R1c4 Qa8 43. Qg5 Be4 44. hxg6+ Bxg6 45. Qh4+ Kg8 46. Qh6 1-0

[Event "Oberliga Baden 2122"]
[Site "Germany"]
[Date "2021.11.14"]
[Round "3.4"]
[White "Gasthofer, Alexander"]
[Black "Engemann, Till"]
[Result "1-0"]
[WhiteElo "2422"]
[BlackElo "2056"]
[PlyCount "53"]
[EventDate "2021.10.10"]
[EventType "team-tourn"]
[EventRounds "11"]
[EventCountry "GER"]
[SourceTitle "EXT 2023"]
[Source "ChessBase"]
[SourceDate "2022.10.05"]
[SourceVersion "1"]
[SourceVersionDate "2022.10.05"]
[SourceQuality "1"]
[WhiteTeam "Bad Mergentheim"]
[BlackTeam "Viernheim II"]
[WhiteTeamCountry "GER"]
[BlackTeamCountry "GER"]

1. Nf3 d5 2. g3 c5 3. Bg2 Nf6 4. 0-0 e6 5. d4 cxd4 6. Nxd4 e5 7. Nb3 Be6 8. Nc3 Bb4 9. Bg5 Bxc3 10. Bxf6 Qxf6 11. bxc3 e4 12. c4 dxc4 13. Nc5 Qe7 14. Nxe4 0-0 15. Qd6 Nc6 16. Qxe7 Nxe7 17. Nc5 Bd5 18. Nxb7 Rab8 19. Rab1 Rxb7 20. Rxb7 Bxb7 21. Bxb7 Rb8 22. Rd1 g6 23. Rd7 Kf8 24. Rc7 c3 25. a3 Ke8 26. Be4 f5 27. Bd3 1-0